Planètes de Star Wars - Statistiques

Statistiques générales
  • Ce quiz a été pris 336 fois
  • Le résultat moyen est 21 sur 68
Statistiques - réponses
Région Pointe Planète % Correct
Territoires de la Bordure Extérieure Deux soleils Tatooine
86%
Mondes du Noyau La capitale de la République Coruscant
85%
Mondes du Noyau Famille Royale Organa, détruit en 0ABY Alderaan
81%
Territoires de la Bordure Extérieure Usine de droïdes Geonosis
77%
Territoires de la Bordure Extérieure Volcan Mustafar
77%
Bordure Médiane Theed Naboo
75%
Territoires de la Bordure Extérieure Les marais, Yoda Dagobah
74%
Espace Sauvage Clones Kamino
74%
Territoires de la Bordure Extérieure Lune de la forêt ou lune du sanctuaire Endor
73%
Territoires de la Bordure Extérieure Destruction de l'étoile de la mort Yavin
71%
Territoires de la Bordure Extérieure Base d'Écho Hoth
70%
Territoires de la Bordure Extérieure Cloud City Bespin
67%
Confins Occidentaux Rey Jakku
63%
Bordure Médiane Chew, Burryaga Agaburry et Black Krrsantan Kashyyyk
58%
Territoires de la Bordure Extérieure La Mort de General Grievous Utapau
53%
Territoires de la Bordure Extérieure Soeurs de la nuit Dathomir
52%
Territoires de la Bordure Extérieure La Meurt de Aayla Secura Felucia
51%
Régions Inconnues Origine de l'ordre Jedi, exil de Luke Skywalker Ahch-To
48%
Régions Inconnues Quartier général du Premier Ordre Exegol
46%
Régions Inconnues Cristaux kyber, jeune jedi Ilum
38%
Mondes du Noyau Vaisseaux spatiaux Corellia
35%
Territoires de la Bordure Extérieure Montre de la mort Mandalore
35%
Territoires de la Bordure Extérieure Twi'leks Ryloth
35%
Territoires de la Bordure Extérieure Rebels Lothal
34%
Territoires de la Bordure Extérieure La construction de l'étoile de la mort Scarif
34%
Territoires de la Bordure Extérieure Refuge de la Résistance Crait
33%
Territoires de la Bordure Extérieure Coaxium, Millenium Falcon Kessel
32%
Territoires de la Bordure Extérieure Planète océan Mon Cala
29%
Territoires de la Bordure Extérieure Quartier général du Résistance D'Qar
27%
Territoires de la Bordure Extérieure Grand Conseil Hutt Nal Hutta
26%
Confins Occidentaux Ahsoka Tano, Jyn Erso et Maz kanata Takodana
26%
Colonies Fédération Commerciale Cato Neimoidia
24%
Territoires de la Bordure Extérieure La meurt de Ki-Adi-Mundi Mygeeto
24%
Territoires de la Bordure Extérieure Astéroïde, naissance de Luke et Leia Polis Massa
23%
Territoires de la Bordure Extérieure Canto Bight Cantonica
21%
Bordure Intérieure Steela et Saw Gerrera Onderon
19%
Territoires de la Bordure Extérieure La Mort de Stass Allie Saleucami
19%
Territoires de la Bordure Extérieure Count Dooku Serenno
18%
Territoires de la Bordure Extérieure Première base de la Rébellion Dantooine
17%
Mondes du Noyau Capitale de la Nouvelle République Hosnian Prime
17%
Territoires de la Bordure Extérieure Pirates Florrum
16%
Bordure Médiane Roi Katuunko Toydaria
16%
Territoires de la Bordure Extérieure Senateur Onaconda Farr Rodia
15%
Territoires de la Bordure Extérieure Planète cristalline Christophsis
14%
Territoires de la Bordure Extérieure Grand Fléau, Siths Malachor
14%
Bordure Médiane La Bête de Zillo Malastare
14%
Espace Sauvage Royaume éthéré de la Force Mortis
12%
Zone d'Expansion Monde des ombres Umbara
12%
Territoires de la Bordure Extérieure Commerce des esclaves Zygerria
11%
Territoires de la Bordure Extérieure Planète explosée, Fenn Rau Concord Dawn
10%
Territoires de la Bordure Extérieure Citadelle Lola Sayu
9%
Territoires de la Bordure Extérieure Galen, Lyra e Jyn Erso Lah'mu
8%
Territoires de la Bordure Extérieure Diathim, Maelibis et anges Iego
7%
Territoires de la Bordure Extérieure La maison des sith Moraband
7%
Territoires de la Bordure Extérieure Pyke Oba Diah
7%
Territoires de la Bordure Extérieure L'un des sièges du Sénat Galactique pendant la Guerre des Clones Raxus
7%
Bordure Médiane Centre de détention impérial et camp de travail Wobani
7%
Mondes du Noyau Ceinture d'astéroïdes, ses vestiges ont donné lieu à PM-1203 Anaxes
5%
Bordure Médiane Soleil Noir Ord Mantell
5%
Territoires de la Bordure Extérieure Lune de Pandora Orto Plutonia
5%
Territoires de la Bordure Extérieure Clan Bancaire Intergalactique Scipio
5%
Mondes du Noyau Techno Union Skako Minor
5%
Bordure Médiane Chasseurs Trandosha
5%
Colonies Monde usine, fonderie, droïdes Balmorra
4%
Territoires de la Bordure Extérieure Poubelle, Junkers Lotho Mineur
4%
Bordure Médiane La Mort de Tiplar Ringo Vinda
4%
Colonies Ordre Dagoyen, reine Julia Bardotta
3%
Territoires de la Bordure Extérieure Hondo Ohnaka Vanqor
2%
Aucun quiz correspondant
Distribution des résultats
% des personnes avec chaque résultat
Percentile par nombre de réponses
Votre historique - résultats
Vous n’avez pas pris ce quiz